Donde manda general
Gorde:
| Formatua: | Texto |
|---|---|
| Gaiak: | |
| Etiketak: |
Etiketa erantsi
Etiketarik gabe, Izan zaitez lehena erregistro honi etiketa jartzen!
|
MARC
| LEADER | 00000 a a2200000 04500 | ||
|---|---|---|---|
| 001 | 45622 | ||
| 003 | |||
| 040 | |||
| 245 | |a Donde manda general | ||
| 500 | |a Antes se llamaba: ALAI SERVICIO MENSUAL DE INFORMACION Y DOCUMENTACION | ||
| 650 | |a POLITICA INTERNACIONAL | ||
| 650 | |a DICTADURA | ||
| 650 | |a CARIBE | ||
| 650 | |a HAITI | ||
| 773 | |g volumen12, número101 (Marzo, 1988), Págs. 3-4 | ||
| 999 | |c 38860 |d 38860 | ||
